[Event "Speed Chess Championship 2020"]
[Site "Online"]
[Date "2020.11.12"]
[Round "1.15"]
[White "Nakamura, Hikaru"]
[Black "Martirosyan, Haik M."]
[Result "1-0"]
[WhiteElo "2736"]
[BlackElo "2622"]
[Annotator "ChessBase"]
[PlyCount "105"]
[EventDate "2020.10.31"]
[EventType "k.o."]
[SourceTitle "playchess.com"]
[Source "ChessBase"]
[SourceQuality "1"]
[TimeControl "180+1"]

1. d4 {[%emt 0:00:01]} Nf6 {[%emt 0:00:01]} 2. Nf3 {[%emt 0:00:00]} e6 {[%emt 0:00:01]} 3. c4 {[%emt 0:00:00]} d5 {[%emt 0:00:00]} 4. Nc3 {[%emt 0:00:01]} Be7 {[%emt 0:00:00]} 5. Bf4 {[%emt 0:00:00]} O-O {[%emt 0:00:01]} 6. e3 {[%emt 0:00:00]} Nbd7 {[%emt 0:00:00]} 7. Be2 {[%emt 0:00:01]} dxc4 {[%emt 0:00:02]} 8. O-O {[%emt 0:00:00]} a6 {[%emt 0:00:00]} 9. a4 {[%emt 0:00:01]} c5 {[%emt 0:00:01]} 10. d5 {[%emt 0:00:00]} exd5 {[%emt 0:00:01]} 11. Nxd5 {[%emt 0:00:01]} Nxd5 {[%emt 0:00:01]} 12. Qxd5 {[%emt 0:00:01]} Nf6 {[%emt 0:00:00]} 13. Qxd8 {[%emt 0:00:10]} Rxd8 {[%emt 0:00:00]} 14. Bxc4 {[%emt 0:00:02]} Nd5 {[%emt 0:00:10]} 15. Rfd1 {[%emt 0:00:08]} Be6 {[%emt 0:00:07]} 16. Bg3 {[%emt 0:00:08]} Bf6 {[%emt 0:00:03]} 17. Be5 {[%emt 0:00:01]} Bxe5 {[%emt 0:00:37]} 18. Nxe5 {[%emt 0:00:00]} Kf8 {[%emt 0:00:05]} 19. a5 {[%emt 0:00:06]} Ke7 {[%emt 0:00:02]} 20. Rac1 {[%emt 0:00:22]} Rac8 {[%emt 0:00:05]} 21. h4 {[%emt 0:00:07]} f6 {[%emt 0:00:19]} 22. Nd3 {[%emt 0:00:06]} Rc7 {[%emt 0:00:21]} 23. Kf1 {[%emt 0:00:03]} Rdc8 {[%emt 0:00:16]} 24. Ke2 {[%emt 0:00:09]} Nb4 {[%emt 0:00:13]} 25. Nf4 {[%emt 0:00:09]} Bxc4+ {[%emt 0:00:07]} 26. Rxc4 {[%emt 0:00:00]} f5 {[%emt 0:00:24]} 27. g4 {[%emt 0:00:14]} fxg4 {[%emt 0:00:09]} 28. Rg1 {[%emt 0:00:25]} Kf7 {[%emt 0:00:01]} 29. Rxg4 {[%emt 0:00:01]} h6 {[%emt 0:00:14]} 30. Nh5 {[%emt 0:00:05]} Kg8 {[%emt 0:00:05]} 31. Nf6+ {[%emt 0:00:01]} Kh8 {[%emt 0:00:01]} 32. Ne4 {[%emt 0:00:01]} Nd5 {[%emt 0:00:01]} 33. Rg6 {[%emt 0:00:06]} Re7 {[%emt 0:00:01]} 34. Ng3 {[%emt 0:00:14]} Kh7 {[%emt 0:00:02]} 35. Rd6 {[%emt 0:00:02]} Nf6 {[%emt 0:00:01]} 36. Rb6 {[%emt 0:00:14]} Nd5 {[%emt 0:00:01]} 37. Rd6 {[%emt 0:00:00]} Nf6 {[%emt 0:00:01]} 38. b3 {[%emt 0:00:01]} Rf7 {[%emt 0:00:03]} 39. h5 {[%emt 0:00:04]} Rfc7 {[%emt 0:00:01]} 40. Re6 {[%emt 0:00:08]} Rc6 {[%emt 0:00:01]} 41. Rxc6 {[%emt 0:00:02]} Rxc6 {[%emt 0:00:00]} 42. e4 {[%emt 0:00:00]} b5 {[%emt 0:00:01]} 43. axb6 {[%emt 0:00:01]} Rxb6 {[%emt 0:00:01]} 44. Rxc5 {[%emt 0:00:07]} Rxb3 {[%emt 0:00:01]} 45. Rc7 {[%emt 0:00:01]} Rb5 {[%emt 0:00:01]} 46. Ra7 {[%emt 0:00:07]} Nxh5 {[%emt 0:00:01]} 47. Nf5 {[%emt 0:00:01]} Kh8 {[%emt 0:00:02]} 48. Rxa6 {[%emt 0:00:01]} Re5 {[%emt 0:00:01]} 49. Ke3 {[%emt 0:00:02]} Re8 {[%emt 0:00:01]} 50. Nxh6 {[%emt 0:00:04]} Nf6 {[%emt 0:00:01]} 51. Nf7+ {[%emt 0:00:01]} Kh7 {[%emt 0:00:01]} 52. Nd6 {[%emt 0:00:00]} Kg6 {[%emt 0:00:00]} 53. Nxe8 {[%emt 0:00:00]} 1-0

[Event "Speed Chess Championship 2020"]
[Site "Online"]
[Date "2020.11.16"]
[Round "1.15"]
[White "Artemiev, Vladislav"]
[Black "Giri, Anish"]
[Result "1/2-1/2"]
[WhiteElo "2708"]
[BlackElo "2764"]
[Annotator "TA"]
[PlyCount "95"]
[EventDate "2020.10.31"]
[EventType "k.o."]
[EventCountry "NET"]
[SourceTitle "playchess.com"]
[Source "ChessBase"]
[SourceQuality "1"]

{[%evp 16,95,-15,-5,5,-10,-8,-25,-8,-21,-12,-24,-16,-22,-18,-106,-106,-106,-106,-106,-107,-104,-95,-90,-75,-82,-81,-97,-78,-81,-85,-85,-74,-95,-86,-138,-168,-215,-191,-210,-150,-139,-110,-129,-109,-104,-102,-122,0,-96,-103,-169,-175,-164,-163,-184,-143,-222,-187,-233,-217,-222,-189,-178,-63,-232,-220,-229,-174,-170,-179,-179,-185,-173,0,0,0,-191,0,0,0,-189]} 1. e4 e5 2. Nc3 Nf6 3. g3 d5 4. exd5 Nxd5 5. Bg2 Nxc3 6. bxc3 Nc6 7. Nf3 Bc5 8. O-O O-O 9. d3 Re8 {C47: Scotch Four Knights and Four Knights with 4 g3.} 10. Qe1 Bf5 11. Ng5 {[#]} h6 $146 {Black has an edge.} ({Predecessor:} 11... Bg6 12. Ne4 Bb6 13. Be3 f5 14. Nd2 Qd7 15. a4 Rad8 16. Nc4 e4 17. d4 Bf7 {1-0 (83) Miroshnichenko,P (2239)-Potapov,A (2424) chess.com INT 2020}) 12. Ne4 Bb6 13. a4 Qd7 14. Be3 Bh3 15. a5 (15. Bxh3 $11 Qxh3 16. Nd2) 15... Bxg2 $17 16. Kxg2 Bxa5 17. Qb1 Bb6 18. Qb5 f5 19. Nd2 Kh8 20. Bxb6 cxb6 21. Rfe1 Re7 22. Re2 Rae8 23. Rae1 Qc7 24. Qd5 a6 25. Qf3 (25. h4 $142) 25... Qd7 26. Nc4 {[#]} b5 $1 {[%cal Rb5c4]} 27. Ne3 Rf7 28. Qd5 {intending Qxd7.} Qxd5+ 29. Nxd5 Rd8 30. Nb4 {and if Nxc6 works, White does fine.} Rc8 31. Nd5 Rd8 32. Nb4 {White wants to play Nxc6.} Rd6 33. Na2 (33. Nxc6 $17 Rxc6 34. Rxe5) 33... g6 $19 34. Nc1 Kg7 35. Nb3 Rd5 36. Nd2 (36. Rb1 $17 {might work better.}) 36... Rc7 37. f4 {[%cal Rf4e5]} exf4 38. gxf4 Kf7 39. Nf3 Re7 (39... a5 $19 40. Re3 a4) 40. h4 $2 {[#]} (40. Rxe7+ $15 Nxe7 41. c4 bxc4 42. dxc4) 40... Rxe2+ 41. Rxe2 {[%mdl 4096] Endgame KRN-KRN} Rc5 42. d4 Rxc3 43. d5 Nb4 $1 {[%csl LRc2,LRd5]} 44. Ne5+ Kf6 $2 ({Better is} 44... Kg7 $19 45. d6 Rc8) 45. Nd7+ $11 Kf7 $2 (45... Kg7 $11 46. Re7+ Kg8 47. Nf6+ {[%mdl 64] Discovered Attack} Kf8) 46. Ne5+ $19 Kf6 $2 (46... Kg7 $19 47. d6 Rc8) 47. Nd7+ $11 Kf7 $2 (47... Kg7 $11 48. Re7+ Kg8 49. Nf6+ {[%mdl 64] Discovered Attack} Kf8) 48. Ne5+ {Weighted Error Value: White=0.22/Black=0.23} 1/2-1/2

[Event "Speed Chess Championship 2020"]
[Site "Online"]
[Date "2020.11.15"]
[Round "1.16"]
[White "Caruana, Fabiano"]
[Black "Duda, Jan-Krzysztof"]
[Result "1/2-1/2"]
[WhiteElo "2823"]
[BlackElo "2743"]
[Annotator "TA"]
[PlyCount "59"]
[EventDate "2020.10.31"]
[EventType "k.o."]
[EventCountry "NET"]
[SourceTitle "playchess.com"]
[Source "ChessBase"]
[SourceQuality "1"]

{[%evp 13,59,10,20,28,29,0,12,20,38,51,48,22,39,0,0,-12,-12,-12,-16,-8,12,0,9,9,14,8,14,14,11,0,0,-12,-18,-16,-11,-15,-10,-10,0,0,0,0,0,0,8,8,8,0]} 1. e4 e5 2. Nf3 Nf6 3. Nxe5 d6 4. Nf3 Nxe4 5. Nc3 Nxc3 6. dxc3 Be7 7. Be3 Nd7 8. Qd2 {C42: Petroff Defence: 3 Nxe5 and unusual White 3rd moves.} O-O 9. O-O-O Nf6 {seems to push 9...Ne5 aside.} 10. Bd3 Be6 11. Nd4 {[#]} Bd7 $146 ({Predecessor:} 11... Bd5 12. Nf5 Ne4 13. Qe2 Bf6 14. Qh5 Bc6 15. h4 g6 16. Nh6+ Kh8 17. Qg4 Qe7 {1-0 (32) Cuccarini,A-Esposito,L (1559) ICCF email 2018}) 12. c4 Re8 13. f3 d5 {The position is equal.} 14. Rhe1 c5 15. Nf5 Bxf5 16. Bxf5 {[%cal Rc4d5]} d4 17. Bf4 Nh5 18. Kb1 g6 19. Bd3 Nxf4 20. Qxf4 Qd6 21. Qe4 Qd7 22. g3 Bg5 23. Qd5 Qxd5 24. cxd5 Rxe1 25. Rxe1 $11 {KRB-KRB} Rd8 26. f4 Bf6 27. Bc4 Kf8 28. a4 Re8 29. Rxe8+ Kxe8 30. Kc1 {Weighted Error Value: White=0.06/Black=0.05} 1/2-1/2

[Event "Speed Chess Championship 2020"]
[Site "Online"]
[Date "2020.11.11"]
[Round "1.16"]
[White "Aronian, Levon"]
[Black "Nepomniachtchi, Ian"]
[Result "0-1"]
[WhiteElo "2781"]
[BlackElo "2784"]
[Annotator "TA"]
[PlyCount "94"]
[EventDate "2020.10.31"]
[EventType "k.o."]
[SourceTitle "playchess.com"]
[Source "ChessBase"]
[SourceQuality "1"]

{[%evp 11,94,0,0,0,-2,-9,-1,-11,-6,-15,6,-6,40,27,37,17,25,18,28,24,58,55,51,49,45,45,46,29,154,62,57,65,76,72,97,81,79,75,102,60,118,34,32,33,30,25,29,21,24,26,23,7,0,0,0,0,0,0,0,0,0,0,0,0,0,0,0,0,0,0,0,0,0,0,0,0,0,-41,-41,-41,-41,-47,-47,-382,-350]} 1. e4 c5 2. Nf3 d6 3. c3 Nf6 4. Be2 g6 5. O-O Bg7 6. d3 O-O 7. Be3 {B50: Sicilian: 2...d6, Miscellaneous.} Nc6 8. Nbd2 e5 9. a3 {[#] The position is equal.} h6 $146 ({Predecessor:} 9... a5 10. b3 Re8 11. Rb1 b6 12. b4 axb4 13. axb4 cxb4 14. cxb4 d5 15. Qc2 Bb7 {½-½ (22) Haeckler,D (2074)-Pannek,M (1957) Germany 2013}) 10. h3 Be6 11. b4 cxb4 12. axb4 a6 13. Qb1 d5 14. b5 axb5 {White must now prevent ...b4!} 15. Qxb5 dxe4 16. dxe4 Qc7 17. Rxa8 Rxa8 18. Rb1 Rb8 19. Bc4 (19. Qb6 {seems wilder.} Qd6 20. Bc5 Qd7 21. Qb5 Qc7 22. Bb6) 19... Qd7 (19... Bxc4 $11 20. Qxc4 Nd7) 20. Bxe6 (20. Nxe5 $16 Nxe5 21. Qxe5) 20... Qxe6 $14 21. Qa4 Ne8 22. Nc4 Nd6 23. Nxd6 Qxd6 24. Qc4 Bf8 25. h4 Be7 (25... Qd7 $14) 26. h5 ({Better is} 26. Bxh6 $16 Qc5 27. Qxc5 Bxc5 28. Rb5) 26... gxh5 27. Qd5 Qf6 28. Qd7 Rd8 29. Qh3 Qg6 30. Rxb7 Bg5 31. Nxg5 hxg5 32. Qf5 Qxf5 33. exf5 $11 {[%mdl 4096] Endgame KRB-KRN} f6 34. Rc7 Rd1+ 35. Kh2 Nd8 36. c4 {[#] Rc8 is the strong threat.} Nf7 $1 37. c5 {Hoping for c6.} Nh6 38. c6 {Threatens to win with Rc8+.} Ng4+ $1 39. Kg3 Nxe3 40. fxe3 {KR-KR} Rc1 41. Kf3 Rc4 42. Rc8+ Kg7 43. Rc7+ Kh6 44. Rc8 g4+ 45. Ke2 $1 Kg5 46. Kd3 Rc5 {And now ...Kh4 would win.} 47. Ke4 $2 {[%mdl 8192] [#]} (47. c7 $15 Kxf5 48. g3) 47... Kh4 $1 {Weighted Error Value: White=0.29/Black=0.11} 0-1

[Event "Speed Chess Championship 2020"]
[Site "Online"]
[Date "2020.11.16"]
[Round "1.16"]
[White "Giri, Anish"]
[Black "Artemiev, Vladislav"]
[Result "0-1"]
[WhiteElo "2764"]
[BlackElo "2708"]
[Annotator "TA"]
[PlyCount "94"]
[EventDate "2020.10.31"]
[EventType "k.o."]
[EventCountry "NET"]
[SourceTitle "playchess.com"]
[Source "ChessBase"]
[SourceQuality "1"]

{[%evp 10,94,45,29,37,0,36,26,30,38,43,41,43,22,29,12,27,25,39,34,39,24,22,-25,-32,-29,-29,-22,-22,-22,-25,-25,-18,-38,-38,-33,-32,-15,-9,-24,-23,-39,-32,-31,-17,-21,-8,-11,-6,-33,-27,-28,-31,-34,-13,-8,0,0,0,0,0,0,0,0,0,0,0,0,0,0,0,-16,-12,-12,-19,-27,-22,-606,-614,-559,-576,-905,-898,-791,-743,-700,-676]} 1. e4 c5 2. Nf3 a6 3. c3 d5 4. exd5 Qxd5 5. d4 e6 6. Be3 Nd7 {B28: Sicilian: 2 Nf3 a6 (O'Kelly Variation).} 7. c4 Qd6 8. Nc3 Ngf6 {White has an edge.} 9. Be2 b6 {[#]} 10. O-O $146 ({Predecessor:} 10. Qc2 Bb7 11. O-O Qc7 12. Ng5 Bd6 13. h3 h6 14. Nge4 Be7 15. Rfd1 O-O 16. Bf3 Nxe4 17. Bxe4 Bxe4 18. Qxe4 {½-½ (60) Potthammel,J (1993)-Gipp,T (1913) Mecklenburg VP 2003}) 10... Bb7 11. Qd2 cxd4 12. Nxd4 Qc7 13. Bf4 Qc8 14. Rfe1 Bc5 15. Nb3 Be7 ({Don't go for} 15... Qc6 $2 16. Bf3 $18) 16. Bd6 Qc6 $1 {[%csl Gb7][%cal Rc6g2] [#]} 17. Bf3 Qxd6 18. Bxb7 Qxd2 19. Nxd2 Ra7 20. Bf3 O-O 21. Red1 Rc7 22. Rac1 Rfc8 23. Be2 Ne5 24. Kf1 g5 25. h3 Kg7 26. c5 Bxc5 27. Bxa6 Rd8 28. Be2 Be7 29. Nde4 (29. Nb3 {feels hotter.} Rcc8 30. Rxd8 Rxd8 31. a3 h5 32. Rd1) 29... Nxe4 30. Nxe4 Rxd1+ 31. Rxd1 f5 32. Nc3 Bb4 33. Nb5 Rc2 34. a3 Be7 35. b4 Kf6 36. Rb1 Ra2 37. Ke1 g4 38. hxg4 Nxg4 39. Bxg4 fxg4 $11 {[%mdl 4096] Endgame KRB-KRN} 40. Rb3 h5 41. g3 $1 e5 42. Re3 Kf5 43. Nc7 $2 {[%mdl 8192] White does not recover from this.} (43. Kf1 $11) 43... Bg5 $19 {Black is clearly winning.} 44. Rb3 h4 {[#] ( -> ...h3)} 45. gxh4 Bxh4 46. Nd5 Bxf2+ 47. Kf1 Bd4 {Weighted Error Value: White=0.32/Black=0.04} 0-1

[Event "Speed Chess Championship 2020"]
[Site "Online"]
[Date "2020.11.04"]
[Round "1.16"]
[White "Fedoseev, Vladimir"]
[Black "Firouzja, Alireza"]
[Result "0-1"]
[WhiteElo "2676"]
[BlackElo "2749"]
[Annotator "TA"]
[PlyCount "54"]
[EventDate "2020.10.31"]
[EventType "k.o."]
[SourceTitle "playchess.com"]
[Source "ChessBase"]
[SourceQuality "1"]

{[%evp 17,54,33,39,28,35,30,31,24,41,37,45,26,42,26,55,0,12,-36,-29,-10,44,35,32,36,28,25,35,0,0,-885,-888,-879,-791,-882,-882,-884,-882,-856,-868]} 1. d4 Nf6 2. c4 g6 3. g3 Bg7 4. Bg2 O-O 5. Nc3 d6 6. Nf3 Nc6 7. O-O e5 8. d5 Ne7 {8...Nb8 is the hot move. Played by Magnus Carlsen in August 2020.} 9. e4 h6 10. b4 {E62: King's Indian: Fianchetto: 6...c6 and Panno Variation (6...Nc6) without ...a6.} a5 11. Ba3 axb4 12. Bxb4 {White is slightly better.} b6 13. a4 Ne8 {[#]} 14. Qb3 $146 ({Predecessor:} 14. a5 bxa5 15. Rxa5 Rxa5 16. Bxa5 f5 17. Nb5 fxe4 18. Nd2 e3 19. fxe3 Rxf1+ 20. Qxf1 {1-0 (47) Vaishali,R (2393)-Kotliar,M (2300) chess.com INT 2020}) 14... Rb8 15. Nb5 f5 16. a5 bxa5 17. Bxa5 fxe4 18. Nd2 {[#]} Nf5 (18... Nxd5 $1 $11 {[%mdl 512]} 19. cxd5 Bd7) 19. Nxe4 Nd4 20. Qd3 Bf5 21. Rfb1 Qd7 22. Bd2 Nf6 $36 {[%mdl 2048] Hoping for ...Nxe4. Black is more active.} 23. Ra7 $2 {[%mdl 8192]} (23. Be3 $11) 23... Bxe4 $19 {Black is clearly winning.} 24. Bxe4 Nxe4 {[%mdl 64] [#] Discovered Attack} 25. Qxe4 Nf3+ {[%mdl 64] Double Attack} ({Weaker is} 25... Nxb5 26. cxb5 Rxb5 27. Rxb5 $14 (27. Qxg6 Rxb1+ 28. Qxb1 Qf5 $16)) 26. Kg2 Nxd2 27. Qxg6 Rf6 {Av CentiPawn Loss W=-62/B=-12. Weighted=-76/-11} 0-1

[Event "Speed Chess Championship 2020"]
[Site "Online"]
[Date "2020.11.04"]
[Round "1.16"]
[White "Maghsoodloo, Parham"]
[Black "Carlsen, Magnus"]
[Result "0-1"]
[WhiteElo "2676"]
[BlackElo "2862"]
[Annotator "TA"]
[PlyCount "66"]
[EventDate "2020.10.31"]
[EventType "k.o."]
[SourceTitle "playchess.com"]
[Source "ChessBase"]
[SourceQuality "1"]

{[%evp 9,66,12,18,6,23,0,0,0,11,-30,21,0,0,0,-18,-1,-20,-33,-50,-50,-29,-52,-59,-39,-54,-56,-23,-30,-23,-31,-7,-86,-86,-116,-116,-122,-123,-122,-130,-117,-124,-184,-189,-352,-362,-813,-820,-785,-804,-781,-780,-947,-948,-1962,-845,-1885,-908,-785,-780]} 1. d4 d5 2. Nf3 Nf6 3. c4 c6 4. e3 Bf5 5. Be2 e6 6. O-O {D12: Slav Defence: 3 Nf3 Nf6 4 e3 Bf5.} Nbd7 7. b3 Ne4 $5 {[%mdl 4] A promising side line.} 8. Bb2 {The position is equal.} Bd6 9. Nbd2 Qb8 $5 {[%mdl 4] [#] Leaves trodden paths.} ({Black should play} 9... Qf6) 10. g3 $146 ({Predecessor:} 10. c5 Bc7 11. h3 g5 12. Nxe4 dxe4 13. Nd2 Rg8 14. Nc4 Qd8 15. Nd6+ Bxd6 16. cxd6 {0-1 (34) Kalaiyalahan,A (1842)-Malhotra,T (1984) Crawley 2013}) 10... h5 11. Nxe4 dxe4 12. Nh4 Bh3 13. d5 Be5 14. dxe6 Bxe6 15. Bxe5 Qxe5 16. Qd4 g5 $36 {[%mdl 2048] Black has some pressure.} 17. Ng2 c5 18. Qxe5 Nxe5 19. h4 $1 f6 20. Rfd1 (20. f3 $11 {remains equal.}) 20... Ke7 $17 21. Rd2 Rag8 22. Rad1 Nf3+ 23. Bxf3 exf3 24. Ne1 gxh4 25. Nd3 (25. Nxf3 $17 hxg3 26. Nh4) 25... hxg3 26. Nf4 $2 (26. Nxc5 h4 27. Nxe6) 26... h4 $19 27. Rd6 $2 (27. a4) 27... Bg4 {Black is clearly winning.} 28. R6d2 h3 {( -> ...h2+)} 29. fxg3 {[#]} h2+ $1 {[%mdl 512]} 30. Kh1 {[#]} (30. Rxh2 f2+) 30... f2 $1 {[%mdl 512]} 31. Rf1 (31. Rxf2 Bxd1) 31... Bf3+ {[%mdl 64] Discovered Attack} 32. Ng2 Rxg3 (32... Bxg2+ $142 33. Kxg2 {[#]} h1=Q+ $1 {[%mdl 512]} 34. Rxh1 Rxh1 35. Rxf2 Rgh8) 33. Rfxf2 Be4 {Av CentiPawn Loss W=-103/B=-40. Weighted=-60/-67} 0-1

[Event "Speed Chess Championship 2020"]
[Site "Online"]
[Date "2020.11.08"]
[Round "1.16"]
[White "Abdusattorov, Nodirbek"]
[Black "So, Wesley"]
[Result "0-1"]
[WhiteElo "2662"]
[BlackElo "2816"]
[Annotator "ChessBase"]
[PlyCount "102"]
[EventDate "2020.10.31"]
[EventType "k.o."]
[SourceTitle "playchess.com"]
[Source "ChessBase"]
[SourceQuality "1"]
[TimeControl "180+1"]

1. e4 {[%emt 0:00:01]} e5 {[%emt 0:00:01]} 2. Nf3 {[%emt 0:00:01]} Nc6 {[%emt 0:00:00]} 3. Bb5 {[%emt 0:00:00]} Nf6 {[%emt 0:00:00]} 4. O-O {[%emt 0:00:02]} Nxe4 {[%emt 0:00:02]} 5. d4 {[%emt 0:00:02]} Nd6 {[%emt 0:00:01]} 6. dxe5 {[%emt 0:00:00]} Nxb5 {[%emt 0:00:01]} 7. a4 {[%emt 0:00:00]} Nbd4 {[%emt 0:00:02]} 8. Nxd4 {[%emt 0:00:01]} Nxd4 {[%emt 0:00:02]} 9. Qxd4 {[%emt 0:00:00]} d5 {[%emt 0:00:00]} 10. exd6 {[%emt 0:00:00]} Qxd6 {[%emt 0:00:02]} 11. Qe3+ {[%emt 0:00:01]} Be6 {[%emt 0:00:17]} 12. Nc3 {[%emt 0:00:02]} Qc6 {[%emt 0:00:22]} 13. Nb5 {[%emt 0:00:16]} Bc5 {[%emt 0:00:01]} 14. Qg3 {[%emt 0:00:06]} O-O-O {[%emt 0:00:01]} 15. Be3 {[%emt 0:00:11]} a6 {[%emt 0:00:18]} 16. Bxc5 {[%emt 0:01:26]} Qxc5 {[%emt 0:00:00]} 17. Nc3 {[%emt 0:00:03]} h5 {[%emt 0:00:15]} 18. Rad1 {[%emt 0:00:06]} g6 {[%emt 0:00:04]} 19. h4 {[%emt 0:00:22]} Bf5 {[%emt 0:00:16]} 20. Qf4 {[%emt 0:00:01]} b6 {[%emt 0:00:10]} 21. Ne4 {[%emt 0:00:11]} Rd4 {[%emt 0:00:22]} 22. Rfe1 {[%emt 0:00:17]} Rhd8 {[%emt 0:00:14]} 23. Rxd4 {[%emt 0:00:07]} Qxd4 {[%emt 0:00:00]} 24. Kh2 {[%emt 0:00:02]} Kb8 {[%emt 0:00:07]} 25. c3 {[%emt 0:00:03]} Qxa4 {[%emt 0:00:05]} 26. Qg5 {[%emt 0:00:00]} Re8 {[%emt 0:00:05]} 27. f3 {[%emt 0:00:04]} Bxe4 {[%emt 0:00:01]} 28. fxe4 {[%emt 0:00:00]} Qc6 {[%emt 0:00:05]} 29. e5 {[%emt 0:00:02]} Kb7 {[%emt 0:00:06]} 30. Qf4 {[%emt 0:00:01]} Qd5 {[%emt 0:00:02]} 31. Re2 {[%emt 0:00:01]} a5 {[%emt 0:00:02]} 32. c4 {[%emt 0:00:00]} Qe6 {[%emt 0:00:07]} 33. Qf3+ {[%emt 0:00:01]} Ka7 {[%emt 0:00:03]} 34. g3 {[%emt 0:00:01]} Re7 {[%emt 0:00:03]} 35. Qf4 {[%emt 0:00:01]} Qg4 {[%emt 0:00:03]} 36. Qxg4 {[%emt 0:00:02]} hxg4 {[%emt 0:00:00]} 37. Re4 {[%emt 0:00:00]} Ka6 {[%emt 0:00:02]} 38. Kg2 {[%emt 0:00:01]} a4 {[%emt 0:00:02]} 39. c5 {[%emt 0:00:03]} b5 {[%emt 0:00:02]} 40. Kf2 {[%emt 0:00:00]} Ka5 {[%emt 0:00:01]} 41. Ke3 {[%emt 0:00:01]} b4 {[%emt 0:00:00]} 42. Kd3 {[%emt 0:00:01]} Kb5 {[%emt 0:00:02]} 43. Rxg4 {[%emt 0:00:01]} Rxe5 {[%emt 0:00:01]} 44. Rf4 {[%emt 0:00:00]} f5 {[%emt 0:00:01]} 45. g4 {[%emt 0:00:02]} fxg4 {[%emt 0:00:00]} 46. Rxg4 {[%emt 0:00:00]} Rd5+ {[%emt 0:00:02]} 47. Ke4 {[%emt 0:00:02]} Rxc5 {[%emt 0:00:01]} 48. Rxg6 {[%emt 0:00:00]} Rc2 {[%emt 0:00:01]} 49. h5 {[%emt 0:00:01]} Rxb2 {[%emt 0:00:01]} 50. h6 {[%emt 0:00:03]} Rh2 {[%emt 0:00:01]} 51. Kd3 {[%emt 0:00:01]} a3 {[%emt 0:00:01]} 0-1